Duch Svätý a pokúšanie Ježiša na púšti

Bibliographic Details
Main Author: Šimo, Vladimír (Author)
Format: Article
Language:Slovak
ISSN:0139-9217
Subjects:

MARC

LEADER 00000nab a2200000 a 4500
001 vtls009005669
003 SK-MaSNL
005 20260304152002.0
008 250506c2007 xo qr|p|||||||000 b|slo
015 |a SNBRB2007/07 
035 |a (uuid)f02103eb-00fe-441d-9ea7-8a9d53294638 
035 |a urn:nbn:sk:snk-abet2e 
035 |a (urnnbn)urn:nbn:sk:snk:ar-a08vem 
038 |a SNKBUCL 
040 |a SNKBUCL  |b slo  |c SNKBUCL  |e AACR2 
041 0 |a slo 
044 |a xo  |c SK 
080 |a 232  |2 1997 
080 |a 231.3  |2 1997 
080 |a 2-423.47  |2 2001 
100 1 |a Šimo, Vladimír  |4 aut  |9 5279 
245 1 0 |a Duch Svätý a pokúšanie Ježiša na púšti  |c Vladimír Šimo 
504 |a Bibliogr. odkazy 
600 0 7 |a Ježiš Kristus  |2 snkbucl 
650 0 7 |a Duch svätý  |2 snkbucl  |9 1927 
650 0 7 |a pokušenie  |2 snkbucl  |9 34629 
773 0 |t Cirkevné listy  |g Roč. CXXXI, č. 7-8 (2007), s. 17-20  |x 0139-9217 
850 |a Slovenská národná knižnica 
852 |a Slovenská národná knižnica 
954 |a odborná, vedecká literatúra pôvodná (slovenská)  |2 lita 
958 |a article2022 
958 |a SK 
958 |a NT 
958 |a NB 
958 |a OND 
958 |a EUIPO 
999 |c 2946713  |d 2948643